000
00328pab a2200145 454500
008
180718b1986 xxu||||| |||| 00| 0 eng d
100
_a
Mehra, Ajay K.
245
_a
Collective violence and the police
260
_c
1986
300
_a
26,34
362
_a
12 Apr.
650
_a
Police
773
_a
Mainstream
909
_a
15097
999
_c
15097
_d
15097